| 000 | 00481ntaaa2200181 4500 | ||
|---|---|---|---|
| 003 | 01 | ||
| 005 | 20251027202530.0 | ||
| 008 | 0714s1973 ag 01 | ||
| 040 |
_aAR-BaBN _bspa _cAR-BaBN _eaacr _dRIC |
||
| 082 | _a296.6500 Qu2 | ||
| 100 |
_aQuattrocchi, Carmen (de Almada) _924306 |
||
| 245 | _aSinagoga y su aporte al cristianismo | ||
| 250 | _a1 ed. | ||
| 260 |
_aBuenos Aires : _bSeminario Teológico Bautista, _c1956 |
||
| 300 | _a40 p. | ||
| 500 | _aMonografía | ||
| 942 | _cBK | ||
| 999 |
_c20356 _d20356 |
||